000 00672nam a2200217Ii 4500
003 JO-AjNU
008 230606s9999||||xx |||||||||||||| ||und||
020 _a978-1-29202-575-9
040 _aJO-AjNU
_beng
_erda
_cJO-AjNU
041 _aeng
050 1 4 _aTD145.M33.2014
100 3 _aEla, Wendell/Gillbert Masters,
_eauthor
_94883
245 0 0 _aIntroducation to Environmental Engineering and Science
250 _a3 ed
264 3 1 _aNew Jersy:pearson,2014
300 _a692p
336 _atext
_btxt
_2rdacontent
337 _aunmediated
_bn
_2rdamedia
338 _avolume
_bnc
_2rdacarrier
650 4 _aIntroducation to Environmental Engineering and Science
_94884
999 _aE2527
_c2525
_d2525